[Event "GER-ch (Women)"]
[Site "Ostfildern"]
[Date "2023.08.20"]
[Round "9"]
[White "Bazzazi, Elnaz"]
[Black "Walker, Julia"]
[Result "0-1"]
[WhiteElo "1803"]
[BlackElo "1797"]
[PlyCount "144"]
[EventDate "2023.08.14"]
[EventType "swiss"]
[EventRounds "9"]
[EventCountry "GER"]
[SourceTitle "CBM 215 Extra"]
[Source "ChessBase"]
[SourceDate "2023.09.30"]
[SourceVersion "1"]
[SourceVersionDate "2023.09.30"]
[SourceQuality "1"]

1. e4 c5 2. Nc3 Nc6 3. g3 g6 4. Bg2 Bg7 5. d3 d6 6. Nh3 Rb8 7. 0-0 b5 8. f4 Nd4 9. Nd5 e6 10. Ne3 Ne7 11. c3 Ndc6 12. f5 Bh6 13. Ng4 Bxc1 14. Nf6+ Kf8 15. Qxc1 Ng8 16. Nxg8 Kxg8 17. fxg6 hxg6 18. Ng5 Rb7 19. Qf4 e5 20. Qe3 Kg7 21. Rf2 f6 22. Nf3 Be6 23. d4 cxd4 24. cxd4 Bg4 25. d5 Nb8 26. Ne1 Rc7 27. b4 Qe7 28. Bf1 Bd7 29. Be2 Rhc8 30. Nd3 Rc3 31. Qxa7 Qd8 32. Rff1 R8c7 33. Qb6 Rc2 34. Bd1 Rg2+ 35. Kxg2 Rc2+ 36. Qf2 Rxf2+ 37. Rxf2 f5 38. Bf3 Qb6 39. Ne1 fxe4 40. Be2 Bh3+ 41. Kg1 e3 42. Rg2 Bxg2 43. Nxg2 Nd7 44. Rc1 Nf6 45. Rc6 Qd4 46. Kf1 Qe4 47. Rc7+ Kh6 48. Rf7 Qf5+ 49. Ke1 Qb1+ 50. Bd1 Qxb4+ 51. Kf1 Qc4+ 52. Be2 Qc1+ 53. Ne1 Nxd5 54. h4 Nc3 55. Bf3 e2+ 56. Kf2 Nd1+ 57. Kg1 Qe3+ 58. Kg2 Qf2+ 59. Kh3 Qxe1 60. g4 Qf1+ 61. Kh2 Qf2+ 62. Kh3 Qxf3+ 63. Rxf3 e1Q 64. Rf7 Qe3+ 65. Kh2 Nc3 66. g5+ Kh5 67. Kg2 Ne4 68. Rf3 Qxf3+ 69. Kxf3 Nc3 70. a3 Kxh4 71. Ke3 d5 72. Kd3 d4 0-1

[Event "GER-ch (Women)"]
[Site "Ostfildern"]
[Date "2023.08.17"]
[Round "5"]
[White "Lange, Malina"]
[Black "Walker, Julia"]
[Result "1-0"]
[WhiteElo "1792"]
[BlackElo "1797"]
[PlyCount "81"]
[EventDate "2023.08.14"]
[EventType "swiss"]
[EventRounds "9"]
[EventCountry "GER"]
[SourceTitle "CBM 215 Extra"]
[Source "ChessBase"]
[SourceDate "2023.09.30"]
[SourceVersion "1"]
[SourceVersionDate "2023.09.30"]
[SourceQuality "1"]

1. c4 e6 2. Nf3 d5 3. e3 Nf6 4. Nc3 c5 5. cxd5 exd5 6. d4 Nc6 7. Bb5 a6 8. Bxc6+ bxc6 9. 0-0 Bd6 10. dxc5 Bxc5 11. Na4 Bd6 12. Qc2 Qc7 13. h3 c5 14. b3 0-0 15. Bb2 Ne4 16. Nc3 Nxc3 17. Qxc3 f6 18. Rac1 Bb7 19. Rc2 Rac8 20. Rfc1 Qd8 21. Qe1 Re8 22. Qd2 Qb6 23. Ba3 Red8 24. Rc3 Rd7 25. Nd4 c4 26. Bxd6 Qxd6 27. bxc4 dxc4 28. Qe2 Qd5 29. Nf3 Rdc7 30. Qd2 Qh5 31. Nd4 Qg6 32. f3 Rd8 33. Qe2 Qe8 34. Rxc4 Re7 35. Nf5 Re5 36. Rc7 Rd7 37. Qc4+ Bd5 38. Qg4 Rxc7 39. Rxc7 g6 40. Nh6+ Kh8 41. Rc8 1-0

[Event "GER-ch (Women)"]
[Site "Ostfildern"]
[Date "2023.08.16"]
[Round "3"]
[White "Just, Anita"]
[Black "Walker, Julia"]
[Result "1-0"]
[WhiteElo "1898"]
[BlackElo "1797"]
[PlyCount "153"]
[EventDate "2023.08.14"]
[EventType "swiss"]
[EventRounds "9"]
[EventCountry "GER"]
[SourceTitle "CBM 215 Extra"]
[Source "ChessBase"]
[SourceDate "2023.09.30"]
[SourceVersion "1"]
[SourceVersionDate "2023.09.30"]
[SourceQuality "1"]

1. e4 c5 2. Nf3 Nc6 3. d4 cxd4 4. Nxd4 g6 5. Nc3 Bg7 6. Be3 Nf6 7. Bc4 0-0 8. Bb3 Re8 9. 0-0 d6 10. h3 Na5 11. f4 b6 12. e5 dxe5 13. fxe5 Nxb3 14. axb3 Nd5 15. Qf3 Nxe3 16. Qxe3 Bb7 17. Qf4 Rf8 18. Nf3 Qc7 19. Rae1 h6 20. Rf2 a6 21. Qe3 Kh7 22. Na4 b5 23. Nc5 Bc6 24. Nd3 Rac8 25. Nd4 Ba8 26. Ref1 Kg8 27. c3 Rcd8 28. Qg3 Be4 29. Rxf7 Rxf7 30. Rxf7 Rxd4 31. cxd4 Bxd3 32. Rxg7+ Kxg7 33. Qxd3 Qc1+ 34. Kh2 Qf4+ 35. Kg1 Qc1+ 36. Kf2 Qf4+ 37. Ke2 Qg5 38. Qf3 Qc1 39. Qc3 Qg5 40. Qc6 Qf4 41. Qc3 Qe4+ 42. Kf2 Qf4+ 43. Kg1 Qe4 44. b4 Qb1+ 45. Kh2 Qe4 46. Qd2 Qd5 47. Qe3 Qc4 48. Qc3 Qf1 49. d5 Qf4+ 50. Kg1 Kh7 51. e6 Qe4 52. Qd2 Qb1+ 53. Kh2 Qf5 54. Qd4 Qg5 55. d6 exd6 56. Qxd6 Qf6 57. Qc7+ Kg8 58. Qc8+ Kg7 59. Qd7+ Kg8 60. Kg1 Qxb2 61. Qf7+ Kh8 62. Qf4 Qc3 63. Qxh6+ Kg8 64. Qxg6+ Kh8 65. Qh6+ Kg8 66. Qg5+ Kf8 67. Qd8+ Kg7 68. Qd7+ Kg8 69. Qd6 Qf6 70. Kh2 Qh6 71. Qe5 Kf8 72. Qf5+ Kg8 73. Qg4+ Kf8 74. h4 Qd2 75. Qf5+ Ke8 76. Qf7+ Kd8 77. e7+ 1-0

[Event "GER-chT U16"]
[Site "Lingen"]
[Date "2015.12.30"]
[Round "7.2"]
[White "Walker, Julia"]
[Black "Ratay, Meike"]
[Result "1-0"]
[WhiteElo "1750"]
[BlackElo "1667"]
[PlyCount "95"]
[EventDate "2015.12.27"]
[EventType "team-swiss"]
[EventRounds "7"]
[EventCountry "GER"]
[SourceTitle "EXT 2017"]
[Source "ChessBase"]
[SourceDate "2016.10.25"]
[SourceVersion "1"]
[SourceVersionDate "2016.10.25"]
[SourceQuality "1"]
[WhiteTeam "Horst Emscher"]
[BlackTeam "Saalfeld"]
[WhiteTeamCountry "GER"]
[BlackTeamCountry "GER"]

1. e4 e5 2. Nf3 Nc6 3. d4 exd4 4. Bc4 Nf6 5. e5 Ne4 6. Qe2 Nc5 7. c3 d3 8. Qe3 Be7 9. b4 Ne6 10. 0-0 d5 11. exd6 Qxd6 12. Rd1 Bf6 13. Rxd3 Qe7 14. Ba3 Ng5 15. Nbd2 Qxe3 16. Rxe3+ Ne6 17. Ne4 Be7 18. Rae1 0-0 19. Bxe6 Bxe6 20. Neg5 Nd8 21. Rd1 h6 22. Nxe6 Nxe6 23. Nd4 Rfd8 24. Red3 Nxd4 25. Rxd4 b5 26. Rd5 Rxd5 27. Rxd5 Rd8 28. c4 Rxd5 29. cxd5 a5 30. Kf1 Bxb4 31. Bxb4 axb4 32. Ke2 Kf8 33. Kd3 Ke7 34. Ke3 Kd6 35. Kd4 f6 36. h3 c6 37. dxc6 Kxc6 38. f3 Kd6 39. f4 Kc6 40. g4 Kd6 41. h4 h5 42. gxh5 Ke6 43. Ke4 Kd6 44. h6 gxh6 45. Kf5 Ke7 46. Kg6 Ke6 47. Kxh6 Kf7 48. f5 1-0

[Event "GER-chT U16"]
[Site "Lingen"]
[Date "2015.12.28"]
[Round "3.2"]
[White "Surguchov, Alexander"]
[Black "Walker, Julia"]
[Result "1/2-1/2"]
[WhiteElo "1792"]
[BlackElo "1750"]
[PlyCount "41"]
[EventDate "2015.12.27"]
[EventType "team-swiss"]
[EventRounds "7"]
[EventCountry "GER"]
[SourceTitle "EXT 2017"]
[Source "ChessBase"]
[SourceDate "2016.10.25"]
[SourceVersion "1"]
[SourceVersionDate "2016.10.25"]
[SourceQuality "1"]
[WhiteTeam "Duesseldorf Sued"]
[BlackTeam "Horst Emscher"]
[WhiteTeamCountry "GER"]
[BlackTeamCountry "GER"]

1. d4 d5 2. Bf4 c5 3. e3 Nf6 4. c3 Nc6 5. Nd2 Qb6 6. Qb3 c4 7. Qxb6 axb6 8. a3 b5 9. Rc1 Bf5 10. Be2 e6 11. h3 Be7 12. Ngf3 h6 13. 0-0 0-0 14. Bd1 Ne4 15. Bc2 Nxd2 16. Nxd2 Bxc2 17. Rxc2 f5 18. Bg3 g5 19. f4 Kh7 20. Nf3 Rac8 21. Be1 1/2-1/2

[Event "GER-chT U16"]
[Site "Lingen"]
[Date "2015.12.27"]
[Round "2.2"]
[White "Walker, Julia"]
[Black "Faerber, David"]
[Result "1/2-1/2"]
[WhiteElo "1750"]
[BlackElo "1935"]
[PlyCount "86"]
[EventDate "2015.12.27"]
[EventType "team-swiss"]
[EventRounds "7"]
[EventCountry "GER"]
[SourceTitle "EXT 2017"]
[Source "ChessBase"]
[SourceDate "2016.10.25"]
[SourceVersion "1"]
[SourceVersionDate "2016.10.25"]
[SourceQuality "1"]
[WhiteTeam "Horst Emscher"]
[BlackTeam "Walldorf"]
[WhiteTeamCountry "GER"]
[BlackTeamCountry "GER"]

1. e4 c6 2. d4 d5 3. exd5 cxd5 4. c4 Nf6 5. Nc3 e6 6. Nf3 Be7 7. Bd3 dxc4 8. Bxc4 0-0 9. 0-0 a6 10. a3 b5 11. Bb3 Bb7 12. Be3 Qd6 13. Ne5 Nd5 14. Qd3 Nd7 15. Bc2 N7f6 16. Bg5 g6 17. h4 Nxc3 18. bxc3 Be4 19. Qe2 Bxc2 20. Qxc2 Nd5 21. Bxe7 Qxe7 22. c4 bxc4 23. Qxc4 Qxh4 24. Rab1 Rfc8 25. Qd3 Rc3 26. Qd2 Qf4 27. Qxf4 Nxf4 28. Rb7 Rxa3 29. Nxf7 Ne2+ 30. Kh2 Kg7 31. Ng5+ Kf6 32. f4 Kf5 33. Rf7+ Kg4 34. Nxe6 Re8 35. d5 Ra5 36. Nc7 Rd8 37. Rxh7 Nxf4 38. Ne6 Nxe6 39. dxe6 Re8 40. Re1 Rh5+ 41. Rxh5 gxh5 42. e7 Kf5 43. Ra1 Rxe7 1/2-1/2

[Event "BL2 West 1516 (Women)"]
[Site "Germany"]
[Date "2015.09.26"]
[Round "1.4"]
[White "Sokalskaja, Elena"]
[Black "Walker, Julia"]
[Result "1-0"]
[WhiteElo "2056"]
[BlackElo "1749"]
[PlyCount "63"]
[EventDate "2015.09.26"]
[EventType "team-tourn"]
[EventRounds "7"]
[EventCountry "GER"]
[SourceTitle "EXT 2017"]
[Source "ChessBase"]
[SourceDate "2016.10.25"]
[SourceVersion "1"]
[SourceVersionDate "2016.10.25"]
[SourceQuality "1"]
[WhiteTeam "Muelheim (W)"]
[BlackTeam "Horst Emscher (W)"]
[WhiteTeamCountry "GER"]
[BlackTeamCountry "GER"]

1. d4 d5 2. Nf3 c5 3. g3 Nc6 4. Bg2 Nf6 5. 0-0 Bg4 6. Ne5 Bh5 7. Nxc6 bxc6 8. c4 cxd4 9. cxd5 cxd5 10. Qxd4 e6 11. Nc3 Be7 12. Bf4 0-0 13. Rac1 Qd7 14. e4 Rfd8 15. exd5 exd5 16. Be5 Rac8 17. Rfe1 Bc5 18. Qh4 Qf5 19. Qf4 Qxf4 20. Bxf4 Bb4 21. a3 Ba5 22. b4 d4 23. Nb5 Bb6 24. a4 a6 25. a5 Bxa5 26. bxa5 axb5 27. a6 Nd7 28. Rxc8 Rxc8 29. Bh3 h6 30. Bxd7 Rc2 31. Re8+ Kh7 32. Bf5+ 1-0

[Event "Ruhrgebiet Verbandsklasse Gruppe 2 1516"]
[Site "Germany"]
[Date "2015.09.06"]
[Round "1.7"]
[White "Kasten, Jorst"]
[Black "Walker, Julia"]
[Result "1/2-1/2"]
[WhiteElo "1668"]
[BlackElo "1725"]
[PlyCount "72"]
[EventDate "2015.09.06"]
[EventType "team-tourn"]
[EventRounds "9"]
[EventCountry "GER"]
[SourceTitle "EXT 2022"]
[Source "ChessBase"]
[SourceDate "2021.10.06"]
[SourceVersion "1"]
[SourceVersionDate "2021.10.06"]
[SourceQuality "1"]
[WhiteTeam "Gladbeck SG II"]
[BlackTeam "Horst Emscher II"]
[WhiteTeamCountry "GER"]
[BlackTeamCountry "GER"]

1. d4 d5 2. Nf3 c5 3. g3 Nc6 4. Bg2 Nf6 5. 0-0 Bg4 6. c3 e6 7. Re1 Bd6 8. Bg5 h6 9. Bxf6 Qxf6 10. e3 0-0 11. Nbd2 Rfe8 12. Qa4 c4 13. e4 Qd8 14. b4 a6 15. Qd1 Rc8 16. Qe2 Qd7 17. Qf1 Bh5 18. Bh3 dxe4 19. Rxe4 Bg6 20. Re3 Bd3 21. Qg2 Ne7 22. Ree1 Nd5 23. Rec1 Qa4 24. a3 a5 25. Kh1 Ra8 26. Qg1 Qb5 27. a4 Qb6 28. b5 e5 29. Bf1 exd4 30. Nxd4 Nxc3 31. N2f3 Bxf1 32. Qxf1 Bc5 33. Rxc3 Bxd4 34. Nxd4 Qxd4 35. Rxc4 Qd5+ 36. Kg1 Rac8 1/2-1/2

[Event "BL2 West 1415 (Women)"]
[Site "Germany"]
[Date "2014.11.30"]
[Round "4.4"]
[White "Kohls, Vera"]
[Black "Walker, Julia"]
[Result "0-1"]
[WhiteElo "1821"]
[BlackElo "1684"]
[PlyCount "48"]
[EventDate "2014.09.27"]
[EventType "team-tourn"]
[EventRounds "7"]
[EventCountry "GER"]
[SourceTitle "CBM 166 Extra"]
[Source "ChessBase"]
[SourceDate "2015.06.18"]
[SourceVersion "1"]
[SourceVersionDate "2015.06.18"]
[SourceQuality "1"]
[WhiteTeam "Delmenhorst (W)"]
[BlackTeam "Gelsenkirchen (W)"]
[WhiteTeamCountry "GER"]
[BlackTeamCountry "GER"]

1. Nf3 d5 2. d4 c5 3. Nc3 Nc6 4. e3 Nf6 5. Bb5 Bg4 6. h3 Bh5 7. g4 Bg6 8. Ne5 Rc8 9. dxc5 e6 10. Qd4 Nd7 11. Nxd7 Nxd4 12. exd4 Ke7 13. Bg5+ f6 14. Bh4 Be8 15. Nxf8 Rxf8 16. Bd3 b6 17. cxb6 Qxb6 18. 0-0-0 Rb8 19. b3 Qb4 20. Ne2 Bb5 21. Rhe1 Bxd3 22. cxd3 Rfc8+ 23. Kb2 a5 24. Nf4 Qxd4+ 0-1

[Event "Dortmund Sparkassen op-B"]
[Site "Dortmund"]
[Date "2014.07.14"]
[Round "3"]
[White "Buhren, Alexander"]
[Black "Walker, Julia"]
[Result "0-1"]
[WhiteElo "1662"]
[BlackElo "1673"]
[PlyCount "130"]
[EventDate "2014.07.12"]
[EventType "swiss"]
[EventRounds "9"]
[EventCountry "GER"]
[SourceTitle "EXT 2022"]
[Source "ChessBase"]
[SourceDate "2021.10.06"]
[SourceVersion "1"]
[SourceVersionDate "2021.10.06"]
[SourceQuality "1"]

1. d4 d5 2. Nf3 c5 3. c3 Nc6 4. e3 Nf6 5. Bd3 Bg4 6. Nbd2 e6 7. 0-0 Bd6 8. Qc2 c4 9. Be2 Qc7 10. Re1 Bf5 11. Qd1 0-0 12. h3 h6 13. Bxc4 dxc4 14. e4 Bxe4 15. Nxe4 Nd5 16. Nxd6 Qxd6 17. Ne5 b5 18. Qg4 Nf6 19. Qf3 Nd5 20. Qg3 Kh7 21. Qf3 Nxe5 22. Rxe5 a5 23. Qe4+ Kh8 24. Rh5 Nf6 25. Qe5 Qxe5 26. Rxe5 Nd5 27. Bd2 b4 28. Kf1 Rab8 29. f4 bxc3 30. Bxc3 a4 31. Rc1 Nxf4 32. Re3 Nd3 33. Rc2 Rb5 34. Rg3 f6 35. Ke2 Rfb8 36. Re3 R5b6 37. g4 Nxb2 38. Bxb2 Rxb2 39. Rec3 Rxc2+ 40. Rxc2 Rc8 41. Kd2 Kg8 42. Kc3 Rb8 43. Re2 Kf7 44. Kxc4 Ke7 45. Kc5 Rd8 46. Rd2 Rd5+ 47. Kc6 h5 48. gxh5 Rxh5 49. Rg2 Kf7 50. Rh2 Rh4 51. d5 Rc4+ 52. Kd6 Rd4 53. Kc5 Rxd5+ 54. Kb4 Rd4+ 55. Kb5 a3 56. h4 Rd3 57. h5 e5 58. Kc4 e4 59. Re2 f5 60. Rg2 Kf6 61. Rg6+ Kf7 62. Rg2 Rh3 63. Kb4 e3 64. Re2 f4 65. Kxa3 f3 0-1

[Event "Dortmund Sparkassen op-B"]
[Site "Dortmund"]
[Date "2014.07.13"]
[Round "2"]
[White "Walker, Julia"]
[Black "Gegner, Michael"]
[Result "1-0"]
[WhiteElo "1673"]
[BlackElo "1457"]
[PlyCount "52"]
[EventDate "2014.07.12"]
[EventType "swiss"]
[EventRounds "9"]
[EventCountry "GER"]
[SourceTitle "EXT 2022"]
[Source "ChessBase"]
[SourceDate "2021.10.06"]
[SourceVersion "1"]
[SourceVersionDate "2021.10.06"]
[SourceQuality "1"]

1. e4 g5 2. d4 h6 3. Nc3 Bg7 4. Bc4 e6 5. Nge2 Ne7 6. Ng3 d5 7. exd5 exd5 8. Bb3 Be6 9. Nh5 Rg8 10. Nxg7+ Rxg7 11. 0-0 Nd7 12. Re1 Nf6 13. Qf3 Ng6 14. Nxd5 Nxd5 15. Bxd5 Nh4 16. Qe4 Kf8 17. Bxe6 fxe6 18. Qxe6 Qxd4 19. Be3 Qd6 20. Qc4 b6 21. Rad1 Qg6 22. Bd2 Re8 23. Bc3 Rxe1+ 24. Rxe1 Rd7 25. h3 c5 26. Re6 Qxc2 1-0

[Event "Dortmund Sparkassen op-B"]
[Site "Dortmund"]
[Date "2014.07.12"]
[Round "1"]
[White "Schrimpl, Michael"]
[Black "Walker, Julia"]
[Result "1-0"]
[WhiteElo "1480"]
[BlackElo "1673"]
[PlyCount "55"]
[EventDate "2014.07.12"]
[EventType "swiss"]
[EventRounds "9"]
[EventCountry "GER"]
[SourceTitle "EXT 2022"]
[Source "ChessBase"]
[SourceDate "2021.10.06"]
[SourceVersion "1"]
[SourceVersionDate "2021.10.06"]
[SourceQuality "1"]

1. c4 e6 2. Nc3 d5 3. d4 c5 4. cxd5 exd5 5. Nf3 Nc6 6. b3 Nf6 7. Bb2 Be7 8. e3 0-0 9. Be2 Be6 10. 0-0 Qd7 11. Nb5 a6 12. Nc3 b5 13. dxc5 Bxc5 14. Rc1 Qa7 15. Bd3 Rad8 16. Ne2 Ne4 17. h3 Rfe8 18. Nfd4 Nb8 19. Nf4 Bb6 20. Bxe4 dxe4 21. Nfxe6 fxe6 22. Qg4 e5 23. Nf5 Rd2 24. Rb1 Qb7 25. Rfd1 Red8 26. Rxd2 Rxd2 27. Bxe5 Rd7 28. Bxb8 1-0

[Event "GER-ch U14 Girls"]
[Site "Magdeburg"]
[Date "2014.06.10"]
[Round "4"]
[White "Walker, Julia"]
[Black "Poetsch, Leonore"]
[Result "0-1"]
[WhiteElo "1686"]
[BlackElo "1630"]
[PlyCount "88"]
[EventDate "2014.06.08"]
[EventType "swiss"]
[EventRounds "9"]
[EventCountry "GER"]
[SourceTitle "CBM 160 Extra"]
[Source "ChessBase"]
[SourceDate "2014.07.01"]
[SourceVersion "1"]
[SourceVersionDate "2014.07.01"]
[SourceQuality "1"]

1. e4 c5 2. c3 d5 3. exd5 Qxd5 4. d4 Nf6 5. Nf3 Bg4 6. Nbd2 cxd4 7. cxd4 e6 8. Bc4 Qd6 9. Bb5+ Nbd7 10. Qa4 Be7 11. Nc4 Qc7 12. Nfe5 a6 13. Bxd7+ Nxd7 14. Nxg4 b5 15. Qc2 Qxc4 16. Qxc4 bxc4 17. Bf4 Bb4+ 18. Ke2 Ke7 19. Rac1 Rac8 20. Bd2 Bd6 21. Ne3 Nb6 22. Ba5 Nd5 23. Rxc4 Nf4+ 24. Kf3 f5 25. Rd1 g5 26. g4 fxg4+ 27. Kxg4 h5+ 28. Kf3 g4+ 29. Ke4 Nh3 30. Rd2 Ng5+ 31. Kd3 Nf3 32. Rxc8 Rxc8 33. Re2 Kf7 34. d5 exd5 35. Nf5 Bxh2 36. Nd4 Ne5+ 37. Kd2 Bf4+ 38. Re3 Bxe3+ 39. fxe3 Nc4+ 40. Kd3 Nxa5 41. Nf5 Kf6 42. Nd6 Rd8 43. b4 Rxd6 44. bxa5 h4 0-1

[Event "GER-chT U14 Girls"]
[Site "Magdeburg"]
[Date "2013.12.28"]
[Round "4.1"]
[White "Walker, Julia"]
[Black "Kluge, Leyla"]
[Result "0-1"]
[WhiteElo "1459"]
[BlackElo "1623"]
[PlyCount "60"]
[EventDate "2013.12.27"]
[EventType "team-swiss"]
[EventRounds "4"]
[EventCountry "GER"]
[SourceTitle "EXT 2015"]
[Source "ChessBase"]
[SourceDate "2014.11.20"]
[SourceVersion "1"]
[SourceVersionDate "2014.11.20"]
[SourceQuality "1"]
[WhiteTeam "Koeln Porz"]
[BlackTeam "Chemnitz"]
[WhiteTeamCountry "GER"]
[BlackTeamCountry "GER"]

1. e4 c5 2. c3 g6 3. d4 cxd4 4. cxd4 Bg7 5. Nc3 d6 6. Nf3 Nf6 7. Be3 0-0 8. Be2 Nc6 9. 0-0 Ng4 10. h4 Nxe3 11. fxe3 e5 12. d5 Nb4 13. a3 Na6 14. b4 Bh6 15. Qd2 Qb6 16. Nd1 Bd7 17. Rc1 Ba4 18. Re1 Nc7 19. Nh2 f5 20. Bf3 Bxd1 21. Rcxd1 Bf4 22. Nf1 Bh6 23. Nh2 Rf7 24. Kh1 Raf8 25. a4 Na6 26. exf5 gxf5 27. Rb1 Qd8 28. Qf2 Qf6 29. Nf1 Rg7 30. Ng3 Qxh4+ 0-1

[Event "GER-chT U14 Girls"]
[Site "Magdeburg"]
[Date "2013.12.28"]
[Round "3.1"]
[White "Walker, Julia"]
[Black "Nguyen, Ha Thanh"]
[Result "1-0"]
[WhiteElo "1459"]
[BlackElo "1452"]
[PlyCount "77"]
[EventDate "2013.12.27"]
[EventType "team-swiss"]
[EventRounds "4"]
[EventCountry "GER"]
[SourceTitle "EXT 2015"]
[Source "ChessBase"]
[SourceDate "2014.11.20"]
[SourceVersion "1"]
[SourceVersionDate "2014.11.20"]
[SourceQuality "1"]
[WhiteTeam "Koeln Porz"]
[BlackTeam "Erfurt Empor"]
[WhiteTeamCountry "GER"]
[BlackTeamCountry "GER"]

1. e4 c5 2. c3 d5 3. exd5 Qxd5 4. d4 e6 5. Nf3 Nc6 6. Bd3 Nf6 7. 0-0 Be7 8. Be3 b6 9. c4 Qd8 10. dxc5 Bxc5 11. Bxc5 bxc5 12. Nc3 0-0 13. Ne4 Nxe4 14. Bxe4 Bb7 15. a3 Rb8 16. Qa4 Qc7 17. b4 cxb4 18. axb4 Nxb4 19. Qxa7 Rfc8 20. Nd2 Bxe4 21. Nxe4 Qc6 22. Nd2 Ra8 23. Qe7 Nc2 24. Rac1 Nd4 25. Rfe1 Ra2 26. Qg5 Nf5 27. Ra1 h6 28. Qf4 g5 29. Qf3 Rxd2 30. Qc3 Rd4 31. Qa3 Rxc4 32. h3 Nh4 33. f3 Qb6+ 34. Kh1 Qf2 35. Rg1 Rc3 36. Qb4 Rc2 37. Raf1 Qe2 38. Re1 Qd2 39. Qg4 1-0

[Event "GER-ch U12"]
[Site "Oberhof"]
[Date "2012.06.01"]
[Round "10"]
[White "Walker, Julia"]
[Black "Hoppe, Andreas"]
[Result "0-1"]
[WhiteElo "1370"]
[BlackElo "1594"]
[PlyCount "58"]
[EventDate "2012.05.27"]
[EventType "swiss"]
[EventRounds "11"]
[EventCountry "GER"]
[SourceTitle "CBM 148 Extra"]
[Source "ChessBase"]
[SourceDate "2012.06.22"]
[SourceVersion "1"]
[SourceVersionDate "2012.06.22"]
[SourceQuality "1"]

1. e4 e6 2. d4 d5 3. exd5 exd5 4. c4 dxc4 5. Bxc4 Nf6 6. Nc3 Bb4 7. Nf3 0-0 8. 0-0 Bg4 9. Be3 Nc6 10. a3 Ba5 11. Be2 Bb6 12. d5 Ne7 13. Bc4 Qd7 14. Qd2 Bxf3 15. gxf3 Rad8 16. Rad1 Qf5 17. Bf4 Ng6 18. Bg3 Qxf3 19. Rfe1 Rfe8 20. d6 Rxe1+ 21. Qxe1 cxd6 22. Rxd6 Rxd6 23. Bxd6 Qg4+ 24. Kh1 Qxc4 25. Kg1 Qe6 26. Qd2 Ba5 27. b4 Bb6 28. a4 Qd7 29. Nb5 Ne4 0-1

[Event "GER-ch U12"]
[Site "Oberhof"]
[Date "2012.05.31"]
[Round "8"]
[White "Walker, Julia"]
[Black "Herbrig, Alexander"]
[Result "1-0"]
[WhiteElo "1370"]
[BlackElo "1662"]
[PlyCount "77"]
[EventDate "2012.05.27"]
[EventType "swiss"]
[EventRounds "11"]
[EventCountry "GER"]
[SourceTitle "CBM 148 Extra"]
[Source "ChessBase"]
[SourceDate "2012.06.22"]
[SourceVersion "1"]
[SourceVersionDate "2012.06.22"]
[SourceQuality "1"]

1. e4 c5 2. c3 d5 3. exd5 Qxd5 4. d4 Nf6 5. Nf3 Bg4 6. Nbd2 e6 7. Qa4+ Kd8 8. Bc4 Qc6 9. Bb5 Qc7 10. 0-0 Nbd7 11. h3 Bf5 12. Nc4 Nd5 13. Rd1 f6 14. Be3 Be7 15. Rac1 Kc8 16. dxc5 Nxc5 17. Bxc5 Bxc5 18. Nd4 h5 19. Nxf5 Bxf2+ 20. Kxf2 Qc5+ 21. Kf1 exf5 22. Nd6+ Qxd6 23. Qc4+ Qc7 24. Rxd5 Qxc4+ 25. Bxc4 Kc7 26. Rcd1 a6 27. Rxf5 b5 28. Bb3 Rae8 29. Rfd5 Re7 30. Bc2 Rhe8 31. Bg6 Rh8 32. Rxh5 Rf8 33. Rhd5 Kc6 34. Rd6+ Kc7 35. Bf5 Re5 36. Bg4 f5 37. Bf3 Re3 38. Rd7+ Kb6 39. b4 1-0

[Event "GER-ch U10"]
[Site "Oberhof"]
[Date "2010.05.29"]
[Round "11"]
[White "Walker, Julia"]
[Black "Dallinger, Moritz"]
[Result "1-0"]
[WhiteElo "1145"]
[BlackElo "1418"]
[PlyCount "91"]
[EventDate "2010.05.22"]
[EventType "swiss"]
[EventRounds "11"]
[EventCountry "GER"]
[SourceTitle "CBM 136 Extra"]
[Source "ChessBase"]
[SourceDate "2010.07.02"]
[SourceVersion "2"]
[SourceVersionDate "2010.07.15"]
[SourceQuality "1"]

1. e4 c5 2. c3 Nf6 3. e5 Nd5 4. d4 cxd4 5. Nf3 Nc6 6. cxd4 d6 7. Bc4 Nb6 8. Bb5 dxe5 9. Nxe5 Bd7 10. Nxd7 Qxd7 11. 0-0 g6 12. Nc3 Bg7 13. d5 a6 14. dxc6 Qxd1 15. cxb7+ axb5 16. bxa8Q+ Nxa8 17. Rxd1 b4 18. Nd5 e6 19. Nxb4 Nb6 20. Nc6 f6 21. Rd8+ Kf7 22. Rxh8 Bxh8 23. Be3 Nc4 24. b3 Na3 25. Rd1 Bg7 26. Rd7+ Kg8 27. Nd4 e5 28. Ne6 Bf8 29. Nxf8 Kxf8 30. Bc5+ Ke8 31. Re7+ Kd8 32. Bxa3 e4 33. Rxe4 Kd7 34. Kf1 Kc6 35. Re6+ Kd5 36. Rxf6 Kd4 37. Ke2 Kc3 38. Ke3 Kc2 39. Rc6+ Kb1 40. b4 Kxa2 41. b5 Kxa3 42. b6 Ka4 43. b7 Kb5 44. Rc7 g5 45. b8Q+ Ka4 46. Ra7# 1-0

[Event "GER-ch U10"]
[Site "Oberhof"]
[Date "2010.05.26"]
[Round "6"]
[White "Schroeder, Janina"]
[Black "Walker, Julia"]
[Result "1-0"]
[WhiteElo "1042"]
[BlackElo "1145"]
[PlyCount "149"]
[EventDate "2010.05.22"]
[EventType "swiss"]
[EventRounds "11"]
[EventCountry "GER"]
[SourceTitle "CBM 136 Extra"]
[Source "ChessBase"]
[SourceDate "2010.07.02"]
[SourceVersion "2"]
[SourceVersionDate "2010.07.15"]
[SourceQuality "1"]

1. e4 e5 2. Nf3 Nc6 3. Bb5 a6 4. Ba4 Nf6 5. 0-0 b5 6. Bb3 Bc5 7. c3 d6 8. h3 Bb7 9. Re1 h6 10. Bc2 0-0 11. d4 Bb6 12. d5 Ne7 13. Bb3 Nd7 14. a4 f5 15. exf5 Nxf5 16. a5 Ba7 17. Nbd2 Nf6 18. Ne4 Nxe4 19. Rxe4 Ng3 20. Rg4 Nf5 21. Bc2 Bc8 22. Bxf5 Bxf5 23. Rg3 e4 24. Nd4 Qf6 25. Be3 Bh7 26. Qe2 Bxd4 27. Bxd4 Qe7 28. Qh5 Rf6 29. Bxf6 Qxf6 30. Re1 Rf8 31. Qe2 Kh8 32. Rf1 Re8 33. Rf3 Qg6 34. Rg3 Qf6 35. f3 Qe5 36. Rg4 Bf5 37. fxe4 Bxg4 38. Qxg4 Qxe4 39. Qxe4 Rxe4 40. Rf7 Ra4 41. Rxc7 Rxa5 42. Rc6 Ra1+ 43. Kh2 Rd1 44. Rxd6 a5 45. Ra6 Rxd5 46. Rxa5 Rd2 47. Rxb5 g5 48. c4 Rc2 49. c5 h5 50. b4 Rc3 51. c6 g4 52. h4 g3+ 53. Kh3 Rxc6 54. Rxh5+ Kg7 55. Rg5+ Kf7 56. Rxg3 Rc4 57. Rb3 Rd4 58. b5 Rd6 59. b6 Rd8 60. b7 Rb8 61. g4 Kf6 62. h5 Kg5 63. Kg3 Kh6 64. Kh4 Kh7 65. g5 Kg7 66. h6+ Kg6 67. Kg4 Kf7 68. Kh5 Kg8 69. g6 Kh8 70. h7 Rxb7 71. Rf3 Rb8 72. Kh6 Rg8 73. hxg8Q+ Kxg8 74. Rf7 Kh8 75. Rf8# 1-0

[Event "GER-ch U10"]
[Site "Oberhof"]
[Date "2010.05.24"]
[Round "3"]
[White "Walker, Julia"]
[Black "Petersen, Marcel"]
[Result "0-1"]
[WhiteElo "1145"]
[BlackElo "1292"]
[PlyCount "64"]
[EventDate "2010.05.22"]
[EventType "swiss"]
[EventRounds "11"]
[EventCountry "GER"]
[SourceTitle "CBM 136 Extra"]
[Source "ChessBase"]
[SourceDate "2010.07.02"]
[SourceVersion "2"]
[SourceVersionDate "2010.07.15"]
[SourceQuality "1"]

1. e4 c5 2. Nc3 Nc6 3. g3 g6 4. d3 Bg7 5. Be3 d6 6. Qd2 Nf6 7. h3 Rb8 8. Bh6 0-0 9. Nge2 b5 10. Nd1 c4 11. Bg2 cxd3 12. cxd3 Qa5 13. Qxa5 Nxa5 14. Bxg7 Kxg7 15. f4 e5 16. Ne3 Nh5 17. Rf1 Nf6 18. Rf2 Nd7 19. b4 Nc6 20. f5 Nxb4 21. Kd2 Nc5 22. d4 exd4 23. Nxd4 Re8 24. Rf4 g5 25. Rg4 f6 26. h4 h5 27. hxg5 hxg4 28. g6 Nxe4+ 29. Bxe4 Rxe4 30. Ne2 Rxe3 31. Nf4 Bxf5 32. Rb1 Bxb1 0-1